000 00547nam a2200193Ia 4500
005 20250508154913.0
008 008 250505s9999 xx 000 0 eng d
037 _aTextual
040 _aFEDL
_beng
_cFEDL
041 _aeng
_2eng
084 _a157, HOL
_qFEDL
100 _aHolmes David S.
_986377
245 0 _aReviews of research in behavior pathology
260 _aNew York, USA
_bJohn Wiley and Sons
_c1968
300 _axii,574p.
650 _aAbnormal Psychology
942 _cTEXL
_h157, HOL
999 _c1352724
_d1352724